[Event "2024 US National High School (K-12) Championship"]
[Site "Baltimore, Maryland, United States"]
[Date "2024.04.07"]
[Round "6.9"]
[White "Vanapalli, Vishnu"]
[Black "Vijayakumar, Advaith"]
[Result "1-0"]
[TimeControl "G/90; d10"]
[WhiteTitle "FM"]
[WhiteFideId "30920523"]
[BlackFideId "30933196"]
[WhiteElo "2392"]
[BlackElo "2178"]

1. Nf3 {[%clk 01:30:00]} {[%emt 00:00:15]} Nf6 {[%clk 01:30:00]} {[%emt
00:00:14]} 2. c4 {[%clk 01:30:00]} {[%emt 00:00:12]} e6 {[%clk 01:30:00]}
{[%emt 00:00:07]} 3. g3 {[%clk 01:30:00]} {[%emt 00:00:03]} d5 {[%clk
01:30:00]} {[%emt 00:00:02]} 4. Bg2 {[%clk 01:30:00]} {[%emt 00:00:03]} Be7
{[%clk 01:30:00]} {[%emt 00:00:05]} 5. O-O {[%clk 01:30:00]} {[%emt 00:00:06]}
O-O {[%clk 01:30:00]} {[%emt 00:00:01]} 6. b3 {[%clk 01:30:00]} {[%emt
00:00:03]} b6 {[%clk 01:30:00]} 7. Bb2 {[%clk 01:30:00]} {[%emt 00:00:02]} Bb7
{[%clk 01:29:57]} {[%emt 00:00:05]} 8. e3 {[%clk 01:29:59]} {[%emt 00:00:11]}
c5 {[%clk 01:29:48]} {[%emt 00:00:20]} 9. Nc3 {[%clk 01:29:59]} {[%emt
00:00:08]} Qc8 {[%clk 01:29:18]} {[%emt 00:00:40]} 10. Qe2 {[%clk 01:23:36]}
{[%emt 00:06:32]} Rd8 {[%clk 01:29:04]} {[%emt 00:00:25]} 11. d3 {[%clk
01:22:50]} {[%emt 00:00:55]} Nc6 {[%clk 01:27:38]} {[%emt 00:01:37]} 12. Rfd1
{[%clk 01:16:41]} {[%emt 00:06:19]} d4 {[%clk 01:18:08]} {[%emt 00:09:40]} 13.
exd4 {[%clk 01:16:39]} {[%emt 00:00:12]} Nxd4 {[%clk 01:10:20]} {[%emt
00:07:58]} 14. Nxd4 {[%clk 01:16:39]} {[%emt 00:00:09]} cxd4 {[%clk 01:10:11]}
{[%emt 00:00:19]} 15. Ne4 {[%clk 01:15:59]} {[%emt 00:00:49]} Nxe4 {[%clk
01:07:26]} {[%emt 00:02:55]} 16. Bxe4 {[%clk 01:15:53]} {[%emt 00:00:16]} Bxe4
{[%clk 01:05:46]} {[%emt 00:01:50]} 17. Qxe4 {[%clk 01:15:53]} {[%emt
00:00:10]} f5 {[%clk 01:02:55]} {[%emt 00:03:01]} 18. Qe2 {[%clk 00:56:13]}
{[%emt 00:19:51]} Bf6 {[%clk 00:58:07]} {[%emt 00:04:58]} 19. f4 {[%clk
00:50:25]} {[%emt 00:05:58]} a5 {[%clk 00:54:53]} {[%emt 00:03:23]} 20. Re1
{[%clk 00:47:59]} {[%emt 00:02:36]} Re8 {[%clk 00:50:50]} {[%emt 00:04:13]} 21.
Qf3 {[%clk 00:47:04]} {[%emt 00:01:05]} Ra7 {[%clk 00:33:59]} {[%emt 00:17:01]}
22. Bc1 {[%clk 00:24:24]} {[%emt 00:22:50]} Qc5 {[%clk 00:23:15]} {[%emt
00:10:54]} 23. Bd2 {[%clk 00:22:30]} {[%emt 00:02:04]} Rae7 {[%clk 00:17:06]}
{[%emt 00:06:19]} 24. a3 {[%clk 00:20:58]} {[%emt 00:01:43]} e5 {[%clk
00:13:28]} {[%emt 00:03:48]} 25. b4 {[%clk 00:20:32]} {[%emt 00:00:36]} Qd6
{[%clk 00:10:51]} {[%emt 00:02:47]} 26. fxe5 {[%clk 00:19:31]} {[%emt
00:01:11]} Rxe5 {[%clk 00:08:36]} {[%emt 00:02:25]} 27. Rxe5 {[%clk 00:15:52]}
{[%emt 00:03:48]} Bxe5 {[%clk 00:08:27]} {[%emt 00:00:20]} 28. bxa5 {[%clk
00:13:34]} {[%emt 00:02:28]} bxa5 {[%clk 00:08:22]} {[%emt 00:00:15]} 29. Bxa5
{[%clk 00:13:21]} {[%emt 00:00:23]} f4 {[%clk 00:07:10]} {[%emt 00:01:21]} 30.
Bb4 {[%clk 00:12:19]} {[%emt 00:01:12]} Qg6 {[%clk 00:05:39]} {[%emt 00:01:42]}
31. Re1 {[%clk 00:11:15]} {[%emt 00:01:13]} fxg3 {[%clk 00:04:55]} {[%emt
00:00:55]} 32. Rxe5 {[%clk 00:10:16]} {[%emt 00:01:09]} gxh2+ {[%clk 00:04:41]}
{[%emt 00:00:23]} 33. Kxh2 {[%clk 00:10:16]} {[%emt 00:00:05]} Rd8 {[%clk
00:01:30]} {[%emt 00:03:21]} 34. Qh5 {[%clk 00:07:56]} {[%emt 00:02:30]} Qc6
{[%clk 00:01:30]} {[%emt 00:00:05]} 35. Re7 {[%clk 00:07:46]} {[%emt 00:00:20]}
Kh8 {[%clk 00:01:01]} {[%emt 00:00:39]} 36. Qg5 {[%clk 00:06:59]} {[%emt
00:00:58]} Rg8 {[%clk 00:00:43]} {[%emt 00:00:28]} 37. Rxg7 {[%clk 00:06:21]}
{[%emt 00:00:48]} Re8 {[%clk 00:00:30]} {[%emt 00:00:22]} 38. Re7 {[%clk
00:03:35]} {[%emt 00:02:56]} Rxe7 {[%clk 00:00:02]} {[%emt 00:00:38]} 39. Bxe7
{[%clk 00:03:35]} {[%emt 00:00:02]} Qc7+ {[%clk 00:00:02]} {[%emt 00:00:06]} 40.
Kg1 {[%clk 00:03:35]} {[%emt 00:00:02]} h6 {[%clk 00:00:02]} {[%emt 00:00:07]}
41. Qxh6+ {[%clk 00:03:35]} {[%emt 00:00:02]} 1-0

[Event "2024 US National High School (K-12) Championship"]
[Site "Baltimore, Maryland, United States"]
[Date "2024.04.07"]
[Round "6.10"]
[White "Muthukumar, Haari"]
[Black "Mei, Austin R"]
[Result "1-0"]
[TimeControl "G/90; d10"]
[BlackTitle "FM"]
[WhiteFideId "30987261"]
[BlackFideId "30948479"]
[WhiteElo "2229"]
[BlackElo "2331"]

1. e4 {[%clk 01:25:27]} {[%emt 00:04:43]} e5 {[%clk 01:27:56]} {[%emt
00:02:13]} 2. Nf3 {[%clk 01:24:06]} {[%emt 00:01:31]} Nc6 {[%clk 01:27:56]}
{[%emt 00:00:05]} 3. d4 {[%clk 01:24:06]} {[%emt 00:00:04]} exd4 {[%clk
01:27:56]} {[%emt 00:00:03]} 4. Nxd4 {[%clk 01:24:06]} {[%emt 00:00:04]} Qh4
{[%clk 01:27:56]} {[%emt 00:00:06]} 5. Nc3 {[%clk 01:23:57]} {[%emt 00:00:19]}
Bb4 {[%clk 01:27:56]} {[%emt 00:00:01]} 6. Be2 {[%clk 01:23:57]} {[%emt
00:00:01]} Qxe4 {[%clk 01:27:56]} {[%emt 00:00:09]} 7. Ndb5 {[%clk 01:23:49]}
{[%emt 00:00:18]} Bxc3+ {[%clk 01:27:56]} {[%emt 00:00:01]} 8. bxc3 {[%clk
01:23:44]} {[%emt 00:00:14]} Kd8 {[%clk 01:27:56]} {[%emt 00:00:02]} 9. O-O
{[%clk 01:23:44]} {[%emt 00:00:04]} Nf6 {[%clk 01:27:56]} {[%emt 00:00:03]} 10.
Bg5 {[%clk 01:22:58]} {[%emt 00:00:56]} a6 {[%clk 01:26:05]} {[%emt 00:02:01]}
11. Nd4 {[%clk 01:15:42]} {[%emt 00:07:25]} Nxd4 {[%clk 01:26:05]} {[%emt
00:00:10]} 12. cxd4 {[%clk 01:13:56]} {[%emt 00:01:56]} Re8 {[%clk 01:23:17]}
{[%emt 00:02:58]} 13. Bxf6+ {[%clk 01:09:32]} {[%emt 00:04:34]} gxf6 {[%clk
01:20:08]} {[%emt 00:03:19]} 14. Bf3 {[%clk 01:02:10]} {[%emt 00:07:31]} Qf5
{[%clk 01:13:42]} {[%emt 00:06:37]} 15. c3 {[%clk 00:49:28]} {[%emt 00:12:52]}
d6 {[%clk 01:02:20]} {[%emt 00:11:31]} 16. Qb3 {[%clk 00:47:49]} {[%emt
00:01:49]} Re7 {[%clk 00:57:39]} {[%emt 00:04:52]} 17. Bxb7 {[%clk 00:44:35]}
{[%emt 00:03:24]} Rb8 {[%clk 00:52:00]} {[%emt 00:05:49]} 18. Bxc8 {[%clk
00:44:31]} {[%emt 00:00:15]} Kxc8 {[%clk 00:52:00]} {[%emt 00:00:02]} 19. Qa4
{[%clk 00:41:35]} {[%emt 00:03:04]} Qd3 {[%clk 00:49:05]} {[%emt 00:03:06]} 20.
Rfd1 {[%clk 00:33:16]} {[%emt 00:08:28]} Qe2 {[%clk 00:49:05]} {[%emt
00:00:02]} 21. c4 {[%clk 00:32:31]} {[%emt 00:00:56]} Rb2 {[%clk 00:46:31]}
{[%emt 00:02:44]} 22. Qxa6+ {[%clk 00:31:23]} {[%emt 00:01:18]} Kb8 {[%clk
00:46:31]} {[%emt 00:00:01]} 23. Rf1 {[%clk 00:30:40]} {[%emt 00:00:53]} Qd3
{[%clk 00:41:13]} {[%emt 00:05:27]} 24. Rad1 {[%clk 00:30:18]} {[%emt
00:00:34]} Qc2 {[%clk 00:35:14]} {[%emt 00:06:07]} 25. c5 {[%clk 00:22:03]}
{[%emt 00:08:26]} Re2 {[%clk 00:18:52]} {[%emt 00:16:32]} 26. Rc1 {[%clk
00:21:01]} {[%emt 00:01:12]} Qf5 {[%clk 00:05:35]} {[%emt 00:13:27]} 27. cxd6
{[%clk 00:20:32]} {[%emt 00:00:40]} c5 {[%clk 00:04:56]} {[%emt 00:00:49]} 28.
d7 {[%clk 00:09:12]} {[%emt 00:11:30]} Qxd7 {[%clk 00:04:56]} {[%emt 00:00:06]}
29. Qxf6 {[%clk 00:05:39]} {[%emt 00:03:42]} cxd4 {[%clk 00:04:36]} {[%emt
00:00:31]} 30. Rc4 {[%clk 00:04:19]} {[%emt 00:01:29]} Re6 {[%clk 00:02:12]}
{[%emt 00:02:35]} 31. Qf4+ {[%clk 00:03:49]} {[%emt 00:00:39]} Qd6 {[%clk
00:02:12]} {[%emt 00:00:02]} 32. Rxd4 {[%clk 00:03:06]} {[%emt 00:00:53]} Qxf4
{[%clk 00:02:12]} {[%emt 00:00:09]} 33. Rxf4 {[%clk 00:03:06]} {[%emt
00:00:01]} f6 {[%clk 00:01:58]} {[%emt 00:00:24]} 34. a4 {[%clk 00:03:06]}
{[%emt 00:00:05]} Ra2 {[%clk 00:01:58]} {[%emt 00:00:06]} 35. g3 {[%clk
00:03:05]} {[%emt 00:00:12]} Kc7 {[%clk 00:01:58]} 36. Rd1 {[%clk 00:02:58]}
{[%emt 00:00:16]} Rc6 {[%clk 00:01:20]} {[%emt 00:00:47]} 37. Kg2 {[%clk
00:02:53]} {[%emt 00:00:16]} Re2 {[%clk 00:01:20]} {[%emt 00:00:10]} 38. Rd5
{[%clk 00:02:53]} {[%emt 00:00:02]} Ree6 {[%clk 00:01:20]} {[%emt 00:00:09]} 39.
Rh5 {[%clk 00:02:53]} {[%emt 00:00:04]} Re7 {[%clk 00:01:20]} {[%emt 00:00:03]}
40. h4 {[%clk 00:02:53]} {[%emt 00:00:10]} Kd7 {[%clk 00:01:20]} {[%emt
00:00:04]} 41. Rb5 {[%clk 00:02:45]} {[%emt 00:00:18]} Ke8 {[%clk 00:01:20]}
{[%emt 00:00:09]} 42. a5 {[%clk 00:02:45]} {[%emt 00:00:04]} Kf7 {[%clk
00:01:13]} {[%emt 00:00:16]} 43. Rb6 {[%clk 00:02:45]} {[%emt 00:00:08]} Ree6
{[%clk 00:01:01]} {[%emt 00:00:23]} 44. Rxc6 {[%clk 00:02:29]} {[%emt
00:00:26]} Rxc6 {[%clk 00:01:01]} {[%emt 00:00:01]} 45. Rf5 {[%clk 00:02:28]}
{[%emt 00:00:11]} Rc2 {[%clk 00:01:01]} {[%emt 00:00:07]} 46. Rb5 {[%clk
00:02:28]} {[%emt 00:00:08]} Ra2 {[%clk 00:01:01]} {[%emt 00:00:01]} 47. g4
{[%clk 00:02:28]} {[%emt 00:00:04]} Kg6 {[%clk 00:01:01]} {[%emt 00:00:05]} 48.
Kg3 {[%clk 00:02:28]} {[%emt 00:00:04]} Ra4 {[%clk 00:01:01]} {[%emt 00:00:08]}
49. h5+ {[%clk 00:02:28]} {[%emt 00:00:08]} Kg7 {[%clk 00:01:01]} {[%emt
00:00:06]} 50. f3 {[%clk 00:02:16]} {[%emt 00:00:24]} h6 {[%clk 00:01:00]}
{[%emt 00:00:11]} 51. Rb7+ {[%clk 00:02:16]} {[%emt 00:00:03]} Kg8 {[%clk
00:01:00]} {[%emt 00:00:01]} 52. Ra7 {[%clk 00:02:16]} {[%emt 00:00:10]} Kh8
{[%clk 00:00:58]} {[%emt 00:00:12]} 53. Rf7 {[%clk 00:02:15]} {[%emt 00:00:10]}
Rxa5 {[%clk 00:00:58]} {[%emt 00:00:06]} 54. Rxf6 {[%clk 00:02:15]} {[%emt
00:00:02]} Kg7 {[%clk 00:00:58]} 55. Rb6 {[%clk 00:02:15]} {[%emt 00:00:04]}
Ra4 {[%clk 00:00:58]} {[%emt 00:00:02]} 56. Rb3 {[%clk 00:02:13]} {[%emt
00:00:11]} Rc4 {[%clk 00:00:58]} {[%emt 00:00:03]} 57. f4 {[%clk 00:02:13]}
{[%emt 00:00:01]} Rc1 {[%clk 00:00:58]} {[%emt 00:00:05]} 58. g5 {[%clk
00:02:12]} {[%emt 00:00:12]} Rg1+ {[%clk 00:00:25]} {[%emt 00:00:43]} 59. Kh4
{[%clk 00:02:12]} {[%emt 00:00:04]} hxg5+ {[%clk 00:00:25]} {[%emt 00:00:01]}
60. fxg5 {[%clk 00:02:12]} {[%emt 00:00:02]} Ra1 {[%clk 00:00:25]} {[%emt
00:00:05]} 61. Rb7+ {[%clk 00:02:12]} {[%emt 00:00:07]} Kg8 {[%clk 00:00:25]}
{[%emt 00:00:02]} 62. h6 {[%clk 00:02:12]} {[%emt 00:00:06]} Ra6 {[%clk
00:00:25]} {[%emt 00:00:09]} 63. Kh5 {[%clk 00:02:12]} {[%emt 00:00:04]} Kh8
{[%clk 00:00:25]} {[%emt 00:00:04]} 64. Rf7 {[%clk 00:02:12]} {[%emt 00:00:07]}
Kg8 {[%clk 00:00:21]} {[%emt 00:00:14]} 65. Rf6 {[%clk 00:02:12]} {[%emt
00:00:04]} Ra7 {[%clk 00:00:21]} {[%emt 00:00:01]} 66. Rc6 {[%clk 00:02:09]}
{[%emt 00:00:12]} Ra8 {[%clk 00:00:08]} {[%emt 00:00:24]} 67. Kg6 {[%clk
00:02:09]} {[%emt 00:00:05]} Kh8 {[%clk 00:00:08]} {[%emt 00:00:06]} 68. Re6
{[%clk 00:01:48]} {[%emt 00:00:29]} Rb8 {[%emt 00:00:11]} 69. Kf6 {[%clk
00:01:44]} {[%emt 00:00:12]} Rf8+ {[%clk 00:00:08]} {[%emt 00:00:04]} 70. Kg6
{[%clk 00:01:44]} {[%emt 00:00:07]} Rg8+ {[%clk 00:00:08]} {[%emt 00:00:05]} 71.
Kh5 {[%clk 00:01:44]} {[%emt 00:00:02]} Ra8 {[%clk 00:00:08]} {[%emt 00:00:03]}
72. Re5 {[%clk 00:01:44]} {[%emt 00:00:01]} Ra6 {[%clk 00:00:08]} {[%emt
00:00:06]} 73. g6 {[%clk 00:01:44]} {[%emt 00:00:05]} Ra8 {[%clk 00:00:08]}
{[%emt 00:00:08]} 74. Kg5 {[%clk 00:01:36]} {[%emt 00:00:18]} Kg8 {[%clk
00:00:08]} {[%emt 00:00:04]} 75. h7+ {[%clk 00:00:52]} {[%emt 00:00:54]} Kg7
{[%clk 00:00:08]} {[%emt 00:00:02]} 76. Re7+ {[%clk 00:00:52]} {[%emt
00:00:03]} Kh8 {[%clk 00:00:08]} 77. Kh6 {[%clk 00:00:43]} {[%emt 00:00:19]}
Rg8 {[%clk 00:00:08]} {[%emt 00:00:04]} 78. hxg8=R+ {[%clk 00:00:43]} {[%emt
00:00:05]} Kxg8 {[%clk 00:00:08]} {[%emt 00:00:01]} 79. Re8# {[%clk 00:00:43]}
{[%emt 00:00:01]} 1-0

[Event "2024 US National High School (K-12) Championship"]
[Site "Baltimore, Maryland, United States"]
[Date "2024.04.07"]
[Round "6.11"]
[White "Gao, Marvin"]
[Black "Murgescu, Adi"]
[Result "1/2-1/2"]
[TimeControl "G/90; d10"]
[WhiteTitle "CM"]
[WhiteFideId "30920175"]
[BlackFideId "30908906"]
[WhiteElo "2325"]
[BlackElo "2167"]

1. e4 {[%clk 01:26:48]} {[%emt 00:02:25]} c5 {[%clk 01:29:59]} {[%emt
00:00:13]} 2. Nf3 {[%clk 01:26:42]} {[%emt 00:00:15]} d6 {[%clk 01:29:59]}
{[%emt 00:00:05]} 3. d4 {[%clk 01:26:42]} {[%emt 00:00:05]} cxd4 {[%clk
01:29:59]} {[%emt 00:00:04]} 4. Nxd4 {[%clk 01:26:42]} {[%emt 00:00:07]} Nf6
{[%clk 01:29:59]} {[%emt 00:00:03]} 5. Nc3 {[%clk 01:26:42]} {[%emt 00:00:09]}
a6 {[%clk 01:29:59]} {[%emt 00:00:03]} 6. Be3 {[%clk 01:26:40]} {[%emt
00:00:11]} e5 {[%clk 01:29:59]} {[%emt 00:00:07]} 7. Nb3 {[%clk 01:26:40]}
{[%emt 00:00:07]} Be6 {[%clk 01:29:59]} {[%emt 00:00:06]} 8. f3 {[%clk
01:26:37]} {[%emt 00:00:13]} h5 {[%clk 01:29:59]} {[%emt 00:00:09]} 9. Qd2
{[%clk 01:24:11]} {[%emt 00:02:36]} Nbd7 {[%clk 01:29:11]} {[%emt 00:00:58]} 10.
Nd5 {[%clk 01:23:15]} {[%emt 00:01:05]} Bxd5 {[%clk 01:29:11]} {[%emt
00:00:09]} 11. exd5 {[%clk 01:23:15]} {[%emt 00:00:09]} g6 {[%clk 01:29:02]}
{[%emt 00:00:18]} 12. Be2 {[%clk 01:19:31]} {[%emt 00:03:54]} Bg7 {[%clk
01:27:44]} {[%emt 00:01:28]} 13. O-O {[%clk 01:15:39]} {[%emt 00:04:02]} O-O
{[%clk 01:17:06]} {[%emt 00:10:48]} 14. Na5 {[%clk 01:14:19]} {[%emt 00:01:31]}
Qc7 {[%clk 01:16:57]} {[%emt 00:00:19]} 15. c4 {[%clk 01:14:00]} {[%emt
00:00:28]} e4 {[%clk 01:15:52]} {[%emt 00:01:16]} 16. f4 {[%clk 01:11:51]}
{[%emt 00:02:19]} Ng4 {[%clk 01:01:59]} {[%emt 00:14:03]} 17. Bxg4 {[%clk
01:11:47]} {[%emt 00:00:13]} hxg4 {[%clk 01:01:59]} {[%emt 00:00:02]} 18. f5
{[%clk 01:10:47]} {[%emt 00:01:11]} Rae8 {[%clk 00:59:27]} {[%emt 00:02:42]} 19.
Rac1 {[%clk 00:53:58]} {[%emt 00:16:57]} gxf5 {[%clk 00:41:44]} {[%emt
00:17:55]} 20. Rxf5 {[%clk 00:52:15]} {[%emt 00:01:53]} Ne5 {[%clk 00:38:49]}
{[%emt 00:03:05]} 21. Bh6 {[%clk 00:48:08]} {[%emt 00:04:17]} Ng6 {[%clk
00:35:01]} {[%emt 00:03:58]} 22. Nb3 {[%clk 00:38:09]} {[%emt 00:10:08]} Qc8
{[%clk 00:27:04]} {[%emt 00:08:08]} 23. Bxg7 {[%clk 00:29:57]} {[%emt
00:08:21]} Qxf5 {[%clk 00:25:11]} {[%emt 00:02:03]} 24. Bxf8 {[%clk 00:29:50]}
{[%emt 00:00:17]} e3 {[%clk 00:22:36]} {[%emt 00:02:46]} 25. Qe1 {[%clk
00:26:35]} {[%emt 00:03:23]} Kxf8 {[%clk 00:21:31]} {[%emt 00:01:16]} 26. Nd4
{[%clk 00:24:10]} {[%emt 00:02:36]} Qe5 {[%clk 00:19:13]} {[%emt 00:02:28]} 27.
Ne2 {[%clk 00:14:40]} {[%emt 00:09:39]} Qxb2 {[%clk 00:18:40]} {[%emt
00:00:44]} 28. c5 {[%clk 00:14:29]} {[%emt 00:00:21]} dxc5 {[%clk 00:13:19]}
{[%emt 00:05:31]} 29. Rxc5 {[%clk 00:14:29]} {[%emt 00:00:05]} Qd2 {[%clk
00:12:47]} {[%emt 00:00:42]} 30. Rc1 {[%clk 00:13:20]} {[%emt 00:01:19]} Qxd5
{[%clk 00:11:21]} {[%emt 00:01:36]} 31. Qb4+ {[%clk 00:13:20]} {[%emt
00:00:07]} Kg7 {[%clk 00:10:56]} {[%emt 00:00:35]} 32. Qxg4 {[%clk 00:12:55]}
{[%emt 00:00:34]} Qe4 {[%clk 00:09:50]} {[%emt 00:01:15]} 33. Qxe4 {[%clk
00:12:47]} {[%emt 00:00:21]} Rxe4 {[%clk 00:09:50]} {[%emt 00:00:02]} 34. Ng3
{[%clk 00:12:47]} {[%emt 00:00:06]} Ra4 {[%clk 00:07:50]} {[%emt 00:02:08]} 35.
Rc2 {[%clk 00:12:21]} {[%emt 00:00:36]} Ne7 {[%clk 00:07:47]} {[%emt 00:00:14]}
36. Kf1 {[%clk 00:12:10]} {[%emt 00:00:20]} f5 {[%clk 00:07:18]} {[%emt
00:00:39]} 37. Ke2 {[%clk 00:11:09]} {[%emt 00:01:11]} f4 {[%clk 00:06:47]}
{[%emt 00:00:42]} 38. Nf1 {[%clk 00:06:44]} {[%emt 00:04:35]} Nc6 {[%clk
00:06:47]} {[%emt 00:00:07]} 39. Rb2 {[%clk 00:06:27]} {[%emt 00:00:27]} Nd4+
{[%clk 00:04:50]} {[%emt 00:02:06]} 40. Ke1 {[%clk 00:06:27]} {[%emt 00:00:03]}
Kf6 {[%clk 00:04:37]} {[%emt 00:00:24]} 41. g3 {[%clk 00:06:21]} {[%emt
00:00:16]} Ke5 {[%clk 00:03:48]} {[%emt 00:00:59]} 42. gxf4+ {[%clk 00:06:07]}
{[%emt 00:00:23]} Kxf4 {[%clk 00:03:48]} {[%emt 00:00:03]} 43. Ng3 {[%clk
00:06:07]} {[%emt 00:00:07]} b5 {[%clk 00:03:35]} {[%emt 00:00:24]} 44. Ne2+
{[%clk 00:05:57]} {[%emt 00:00:20]} Kf3 {[%clk 00:03:22]} {[%emt 00:00:22]} 45.
Ng1+ {[%clk 00:05:53]} {[%emt 00:00:15]} Ke4 {[%clk 00:03:22]} {[%emt
00:00:04]} 46. Ne2 {[%clk 00:05:53]} {[%emt 00:00:08]} Nf3+ {[%clk 00:03:16]}
{[%emt 00:00:16]} 47. Kf1 {[%clk 00:05:53]} {[%emt 00:00:02]} Rc4 {[%clk
00:03:16]} {[%emt 00:00:09]} 48. Ng3+ {[%clk 00:05:39]} {[%emt 00:00:24]} Kd3
{[%clk 00:02:59]} {[%emt 00:00:27]} 49. Rb3+ {[%clk 00:05:39]} {[%emt
00:00:08]} Rc3 {[%clk 00:02:47]} {[%emt 00:00:22]} 50. Rxc3+ {[%clk 00:05:31]}
{[%emt 00:00:18]} Kxc3 {[%clk 00:02:47]} {[%emt 00:00:02]} 51. Ke2 {[%clk
00:05:31]} {[%emt 00:00:07]} Nxh2 {[%clk 00:02:47]} {[%emt 00:00:08]} 52. Kxe3
{[%clk 00:05:14]} {[%emt 00:00:27]} b4 {[%clk 00:01:50]} {[%emt 00:01:07]} 53.
Ne4+ {[%clk 00:05:14]} {[%emt 00:00:07]} Kb2 {[%clk 00:01:48]} {[%emt
00:00:11]} 54. Nc5 {[%clk 00:05:14]} {[%emt 00:00:02]} a5 {[%clk 00:01:48]}
{[%emt 00:00:03]} 55. Nb7 {[%clk 00:05:14]} {[%emt 00:00:10]} a4 {[%clk
00:01:48]} {[%emt 00:00:10]} 56. Nc5 {[%clk 00:05:14]} {[%emt 00:00:01]} a3
{[%clk 00:00:48]} {[%emt 00:01:11]} 57. Nd3+ {[%clk 00:05:14]} {[%emt
00:00:01]} Kc3 {[%clk 00:00:48]} {[%emt 00:00:01]} 58. Nxb4 {[%clk 00:05:14]}
{[%emt 00:00:02]} Kxb4 {[%clk 00:00:31]} {[%emt 00:00:26]} 59. Kd2 {[%clk
00:05:14]} Nf3+ {[%clk 00:00:23]} {[%emt 00:00:18]} 60. Kc2 {[%clk 00:05:14]}
{[%emt 00:00:02]} Ne5 {[%clk 00:00:23]} {[%emt 00:00:06]} 61. Kb1 {[%clk
00:05:14]} Kc3 {[%clk 00:00:22]} {[%emt 00:00:11]} 62. Ka1 {[%clk 00:05:14]}
Nc6 {[%clk 00:00:22]} {[%emt 00:00:06]} 63. Kb1 {[%clk 00:05:14]} {[%emt
00:00:01]} Nb4 {[%clk 00:00:22]} {[%emt 00:00:03]} 64. Ka1 {[%clk 00:05:14]}
{[%emt 00:00:02]} Kd3 {[%clk 00:00:19]} {[%emt 00:00:12]} 65. Kb1 {[%clk
00:05:14]} {[%emt 00:00:01]} Nc2 {[%clk 00:00:19]} {[%emt 00:00:07]} 66. Kc1
{[%clk 00:05:14]} 1/2-1/2

[Event "2024 US National High School (K-12) Championship"]
[Site "Baltimore, Maryland, United States"]
[Date "2024.04.07"]
[Round "6.12"]
[White "Padhye, Rohan"]
[Black "Tessiore, Luca Giorgio"]
[Result "0-1"]
[TimeControl "G/90; d10"]
[WhiteFideId "30946034"]
[BlackFideId "30974976"]
[WhiteElo "2321"]
[BlackElo "1952"]

1. e4 {[%clk 01:28:47]} {[%emt 00:01:20]} e5 {[%clk 01:30:00]} {[%emt
00:00:05]} 2. Nf3 {[%clk 01:28:47]} {[%emt 00:00:03]} Nc6 {[%clk 01:30:00]}
{[%emt 00:00:04]} 3. Bc4 {[%clk 01:28:47]} {[%emt 00:00:04]} Bc5 {[%clk
01:30:00]} {[%emt 00:00:05]} 4. d3 {[%clk 01:28:47]} {[%emt 00:00:07]} Nf6
{[%clk 01:30:00]} {[%emt 00:00:03]} 5. Nc3 {[%clk 01:28:42]} {[%emt 00:00:16]}
d6 {[%clk 01:29:57]} {[%emt 00:00:14]} 6. Na4 {[%clk 01:28:34]} {[%emt
00:00:17]} Bb6 {[%clk 01:28:26]} {[%emt 00:01:41]} 7. a3 {[%emt 00:01:05]} h6
{[%clk 01:26:57]} {[%emt 00:00:40]} 8. h3 {[%clk 01:28:32]} {[%emt 00:00:11]}
Be6 {[%clk 01:26:05]} {[%emt 00:01:04]} 9. Bxe6 {[%clk 01:28:18]} {[%emt
00:00:23]} fxe6 {[%clk 01:26:05]} {[%emt 00:00:07]} 10. b4 {[%clk 01:28:17]}
{[%emt 00:00:10]} Qd7 {[%clk 01:24:54]} {[%emt 00:01:21]} 11. c3 {[%clk
01:27:53]} {[%emt 00:00:34]} Ne7 {[%clk 01:17:37]} {[%emt 00:07:28]} 12. Bb2
{[%clk 01:23:09]} {[%emt 00:04:53]} a6 {[%clk 01:10:32]} {[%emt 00:07:16]} 13.
Nxb6 {[%clk 01:23:05]} {[%emt 00:00:14]} cxb6 {[%clk 01:10:32]} {[%emt
00:00:06]} 14. c4 {[%clk 01:18:30]} {[%emt 00:04:45]} Rc8 {[%clk 01:07:17]}
{[%emt 00:03:25]} 15. Qb3 {[%clk 01:12:32]} {[%emt 00:06:07]} Ng6 {[%clk
01:04:54]} {[%emt 00:02:34]} 16. O-O-O {[%clk 01:07:18]} {[%emt 00:05:23]} O-O
{[%clk 01:02:39]} {[%emt 00:02:25]} 17. Kb1 {[%clk 01:06:02]} {[%emt 00:01:26]}
b5 {[%clk 01:00:19]} {[%emt 00:02:31]} 18. cxb5 {[%clk 00:55:59]} {[%emt
00:10:13]} axb5 {[%clk 00:59:59]} {[%emt 00:00:29]} 19. Rhe1 {[%clk 00:49:57]}
{[%emt 00:06:12]} Nf4 {[%clk 00:56:13]} {[%emt 00:03:56]} 20. Rg1 {[%clk
00:48:43]} {[%emt 00:01:23]} Qe8 {[%clk 00:45:24]} {[%emt 00:11:00]} 21. Rde1
{[%clk 00:43:47]} {[%emt 00:05:04]} Nd7 {[%clk 00:39:52]} {[%emt 00:05:43]} 22.
Re3 {[%clk 00:41:09]} {[%emt 00:02:49]} Nb6 {[%clk 00:38:48]} {[%emt 00:01:15]}
23. Nd2 {[%clk 00:33:35]} {[%emt 00:07:43]} Na4 {[%clk 00:37:37]} {[%emt
00:01:21]} 24. g4 {[%clk 00:31:11]} {[%emt 00:02:33]} Qe7 {[%clk 00:33:35]}
{[%emt 00:04:14]} 25. Ba1 {[%clk 00:23:48]} {[%emt 00:07:32]} Kh8 {[%clk
00:30:59]} {[%emt 00:02:46]} 26. d4 {[%clk 00:22:38]} {[%emt 00:01:20]} exd4
{[%clk 00:30:41]} {[%emt 00:00:28]} 27. Bxd4 {[%clk 00:22:38]} {[%emt
00:00:07]} e5 {[%clk 00:29:49]} {[%emt 00:01:02]} 28. Ba1 {[%clk 00:22:38]}
{[%emt 00:00:07]} Rc6 {[%clk 00:27:05]} {[%emt 00:02:55]} 29. g5 {[%clk
00:21:11]} {[%emt 00:01:37]} h5 {[%clk 00:26:55]} {[%emt 00:00:21]} 30. Nf3
{[%clk 00:20:44]} {[%emt 00:00:36]} Rfc8 {[%clk 00:25:00]} {[%emt 00:02:05]} 31.
Bb2 {[%clk 00:16:23]} {[%emt 00:04:31]} Qc7 {[%clk 00:22:48]} {[%emt 00:02:22]}
32. Ne1 {[%clk 00:14:14]} {[%emt 00:02:19]} Nb6 {[%clk 00:17:22]} {[%emt
00:05:36]} 33. Nf3 {[%clk 00:12:45]} {[%emt 00:01:38]} Nc4 {[%clk 00:16:59]}
{[%emt 00:00:35]} 34. Rc3 {[%clk 00:12:43]} {[%emt 00:00:11]} Ne2 {[%clk
00:16:31]} {[%emt 00:00:38]} 0-1